| 000 | 00564nam a2200217Ia 4500 | ||
|---|---|---|---|
| 003 | OSt | ||
| 005 | 20220918191954.0 | ||
| 006 | a|||||r|||| 00| 0 | ||
| 007 | ta | ||
| 008 | 220917b |||||||| |||| 00| 0 eng d | ||
| 024 | _a66,289 | ||
| 037 | _cTextual | ||
| 040 |
_aARTS _cARTS _beng |
||
| 041 |
_2eng _aeng |
||
| 082 | _aR3xC67, K2 | ||
| 100 |
_aAlfarabi Abu-Nasr _977936 |
||
| 245 | 0 | _aPhilosophy of Plato and Aristotle tr by Muhsin Mahdi | |
| 260 | _c1992 | ||
| 942 |
_hR3xC67, K2 _cTEXL _2CC |
||
| 999 |
_c192523 _d192523 |
||